Statistiken für Tode nach Datum und Ursache #2

Klicken Sie hier um das Quiz zu spielen!

Allgemein

  • Dieses Quiz wurde 2.589 mal gespielt
  • Das Durchschnittsergebnis liegt bei 10 aus 26

Antwortstatistiken

JahrWoWiePerson% Korrekt
1963DallasErmordungJohn F. Kennedy
86%
1945BerlinSelbstmordAdolf Hitler
82%
2009Los AngelesInjektion durch seinen ArztMichael Jackson
69%
1865Washington DCErmordungAbraham Lincoln
67%
2006IrakErhängenSaddam Hussein
55%
1791WienKrankheitWolfgang Amadeus Mozart
55%
1968MemphisErmordungMartin Luther King, Jr.
51%
1994BolognaFormel 1-UnfallAyrton Senna
50%
2011Libyenwillkürliche HinrichtungMuammar Gaddafi
48%
1980New YorkErmordungJohn Lennon
44%
399 v. Chr.AthenSchierlingsbecherSokrates
42%
1805Kap TrafalgarIn der Schlacht erschossenHoratio Nelson
40%
2013KalifornienAutounfallPaul Walker
39%
1916St. PetersburgGift, Erschießung, ErtrinkenRasputin
31%
2006QueenslandStachelrochenSteve Irwin
27%
2012Beverly HillsDrogen, ErtrinkenWhitney Houston
27%
1937Pazifischer OzeanFlugzeugabsturz?Amelia Earhart
23%
1536LondonEnthauptungAnne Boleyn
22%
1876Little BighornGefechtswundenGeorge Custer
22%
1971ParisÜberdosisJim Morrison
20%
2011Palo AltoKrebsSteve Jobs
20%
1970LondonErstickungJimi Hendrix
19%
2013CaracasKrebsHugo Chávez
16%
1984Los AngelesVon Vater erschossenMarvin Gaye
16%
1977Frankreich oder Belgien (unbekannt)ErmordungHanns Martin Schleyer
10%
1926DetroitBlinddarmentzündung, HiebeHarry Houdini
9%

Verteilung der Resultate

Perzentil nach korrekt beantworteten Fragen

Anzahl Personen mit jedem Resultat

Ihre Resultats-Entwicklung

Sie haben dieses Quiz noch nicht gespielt